Prospects of sustainable building in Pakistan (Record no. 553492)
[ view plain ]
| 000 -LEADER | |
|---|---|
| fixed length control field | 00432nam a22001457a 4500 |
| 082 ## - DEWEY DECIMAL CLASSIFICATION NUMBER | |
| Classification number | T-180 |
| 100 ## - MAIN ENTRY--PERSONAL NAME | |
| Personal name | Jaffar, Junaid Bin |
| 9 (RLIN) | 50737 |
| 245 ## - TITLE STATEMENT | |
| Title | Prospects of sustainable building in Pakistan |
| Remainder of title | A case study of Risalpur |
| 260 ## - PUBLICATION, DISTRIBUTION, ETC. | |
| Place of publication, distribution, etc. | Risalpur, |
| Name of publisher, distributor, etc. | MCE (NUST), |
| Date of publication, distribution, etc. | 2014. |
| 300 ## - PHYSICAL DESCRIPTION | |
| Extent | 78p. |
| Other physical details | ill. |
| Dimensions | 28cm. |
| 500 ## - GENERAL NOTE | |
| General note | Construction engineering and management |
| 526 ## - STUDY PROGRAM INFORMATION NOTE | |
| Program name | 0 |
| Interest level | 0 |
| Reading level | 0 |
| Title point value | T_180 |
| 526 ## - STUDY PROGRAM INFORMATION NOTE | |
| Program name | 0 |
| Interest level | 0 |
| Reading level | 0 |
| Title point value | T_180 |
| 942 ## - ADDED ENTRY ELEMENTS (KOHA) | |
| Source of classification or shelving scheme | |
| Koha item type | Book |
| Withdrawn status | Lost status | Source of classification or shelving scheme | Damaged status | Not for loan | Permanent Location | Current Location | Date acquired | Total Checkouts | Full call number | Barcode | Date last seen | Price effective from | Koha item type | Public note |
|---|---|---|---|---|---|---|---|---|---|---|---|---|---|---|
| Military College of Engineering (MCE) | Military College of Engineering (MCE) | 02/20/2015 | T-180 | MCE-T-180 | 02/20/2015 | 02/20/2015 | Book | Thesis | ||||||
| Military College of Engineering (MCE) | Military College of Engineering (MCE) | 11/22/2018 | T-180 | MCE-T-180B | 11/22/2018 | 11/22/2018 | Book |
